Hiểm họa tự nhiên, thảm họa phi tự nhiên : Bài toán kinh tế của các biện pháp phòng ngừa hiệu quả = Natural hazards, unnatural disasters : The economics of effective prevention
Báo cáo tập trung giới thiệu cách phòng ngừa rủi ro bị thiệt hại và thiệt mạng do thảm hoạ " tự nhiên" gây ra với kết luận rằng chính phủ có thể tăng cường công tác phòng ngừa.
Đã lưu trong:
| Institution som forfatter: | |
|---|---|
| Format: | Bog |
| Sprog: | Undetermined |
| Udgivet: |
Hà Nội
World Bank
2011
|
| Fag: | |
| Tags: |
Tilføj Tag
Ingen Tags, Vær først til at tagge denne postø!
|
| Thư viện lưu trữ: | Trung tâm Học liệu Trường Đại học Cần Thơ |
|---|
| LEADER | 01018nam a2200205Ia 4500 | ||
|---|---|---|---|
| 001 | CTU_172869 | ||
| 008 | 210402s9999 xx 000 0 und d | ||
| 082 | |a 363.34 | ||
| 082 | |b W927 | ||
| 110 | |a The World Bank | ||
| 245 | 0 | |a Hiểm họa tự nhiên, thảm họa phi tự nhiên : | |
| 245 | 0 | |b Bài toán kinh tế của các biện pháp phòng ngừa hiệu quả = Natural hazards, unnatural disasters : The economics of effective prevention | |
| 245 | 4 | |c The World Bank, The United Nations | |
| 260 | |a Hà Nội | ||
| 260 | |b World Bank | ||
| 260 | |c 2011 | ||
| 520 | |a Báo cáo tập trung giới thiệu cách phòng ngừa rủi ro bị thiệt hại và thiệt mạng do thảm hoạ " tự nhiên" gây ra với kết luận rằng chính phủ có thể tăng cường công tác phòng ngừa. | ||
| 650 | |a Disasters,Thảm hoạ | ||
| 904 | |i K.Mi, Trọng Hiếu | ||
| 980 | |a Trung tâm Học liệu Trường Đại học Cần Thơ | ||